000 00254nam a2200109Ia 4500
008 190913s9999||||xx |||||||||||||| ||und||
100 _aM.Morris Mano
245 0 _aDigital Design
260 _aUSA
_bTata McGraw Hill
_c1994
300 _a204
942 _cBK
999 _c8014
_d8014